Statistics for Countries Hit By Hurricane Irma

Click here to take the quiz!

General Stats

  • This quiz has been taken 305 times
    (159 since last reset)
  • The average score is 9 of 12

Answer Stats

Country% Correct
United States
99%
Haiti
91%
Cuba
90%
Bahamas
88%
Dominican Republic
84%
Antigua and Barbuda
80%
St Kitts and Nevis
75%
St Lucia
75%
Barbados
71%
United Kingdom
65%
France
59%
Netherlands
50%

Score Distribution

Percentile by Number Answered

Percent of People with Each Score

Your Score History

You have not taken this quiz since the last reset